Freud y los no europeos /

محفوظ في:
التفاصيل البيبلوغرافية
المؤلف الرئيسي: Said, Edward W. (autor)
التنسيق: كتاب
اللغة:الإسبانية
منشور في: Barcelona, España : Global Rhythm, 2006, c2006
الموضوعات:
الوسوم: إضافة وسم
لا توجد وسوم, كن أول من يضع وسما على هذه التسجيلة!

MARC

LEADER 00000nam^a2200000^a^4500
001 000621507
005 20250922000000.0
009 20260310133900.081
020 |a 84-934213-6-7 
037 |a Acervo ITESO - Biblioteca 
041 |a ESP 
082 |a 150. 1952  |b FRE EST SAI 
100 |a Said, Edward W.  |e (autor) 
245 1 0 |a Freud y los no europeos /  |c E.W. Said ; tr. por Olivia de Miguel. 
264 4 |a Barcelona, España :  |b Global Rhythm,  |c 2006, c2006 
300 |a 110 p. 
336 |a texto  |b txt  |2 rdacontenido 
337 |a sin mediación  |b n  |2 rdamedio 
338 |a volumen  |b nc  |2 rdasoporte 
500 |a Traducción de: Freud and the Non-European 
649 |a XX 
650 |a Psicoanalistas Austríacos 
650 |a Sionismo -  |x Tema Principal 
650 |a Antisemitismo 
650 |a Judaísmo 
650 |a Psicoanálisis Freudiano -  |x Historia y Crítica 
650 |a Psicología 
650 |a Freud, Sigmund -  |x Tema Principal 
910 |a Fondo Castillo-Martínez 
920 |a Impresos - Libros 
930 |a Fondos Especiales 
905 |a 127 
901 |a 621507-10  |b IT2  |c ESP  |i D126316  |u 20250922 
902 |a https://opac.biblio.iteso.mx/vufind/Record/000621507